000 01481nam a2200325 i 4500
001 163907
003 ES-MaACL
005 20251017121150.0
008 950206s1884 sp a |||| | spa d
130 0 _aPoema del Cid.
_9123904
245 1 0 _aRomancero selecto del Cid /
_ccon un prólogo de D. Manuel Milá y Fontanals ; ilustración de Werner, Foix, Gómez Soler y Xumetra ; grabados de Kaeseberg y Gómez Polo.
260 _aBarcelona :
_bDaniel Cortezo y Cª,
_c1884.
300 _a352 p. :
_bil. ;
_c21 cm.
490 1 _aBiblioteca "Arte y letras"
505 8 _aContiene: Mocedades del Cid ; Cerco de Zamora ; Destierro del Cid ; Deslealtad y castigo de los infantes de Carrión ; Últimos años y muerte del Cid
530 _aDisponible en formato digital.
600 0 4 _aEl Cid-
_vPoesías.
_9169962
650 4 _aRomances-
_zEspaña.
_916935
700 1 _aMilá y Fontanals, Manuel.
_981077
700 1 _aWerner, Anton Alexander von,
_d1843-1915
_9133907
700 1 _aFoix, Mariano.
_951428
700 1 _aGómez Soler, Francisco,
_dca. 1860-1899
_9146333
700 1 _aXumetra, F.
_9117524
700 1 _aKaeseberg, Hugo,
_d1847-1893
_9170732
700 1 _aGómez Polo, Enrique.
_958119
830 1 0 _aBiblioteca "Arte y letras"
_9180874
852 4 _aES-MaACL
_jB-723
_z- Enc. editorial en tela estampada, cortes pintados
856 4 _uhttp://bdh-rd.bne.es/viewer.vm?id=0000091962&page=1
_zBiblioteca Digital Hispánica
999 _c163907
_d163907